| 000 | 01060nam a22002777a 4500 | ||
|---|---|---|---|
| 005 | 20110721155442.0 | ||
| 008 | 110721t xxu||||| |||| 00| 0 eng d | ||
| 010 | _aENG-103096 | ||
| 020 |
_a9788132106869 _c895.00 |
||
| 035 | _aEN-86629 | ||
| 037 | _bDBAD / PUB | ||
| 040 |
_aDpl _bEng |
||
| 082 | _a954.052092 | ||
| 100 |
_929818 _aBrass, Paul R. |
||
| 245 |
_aAn Indian political life : _cby Paul R. Brass _bCharan Singh and Congress politics 1937 to 1961 / |
||
| 260 |
_aNew Delhi _bSage Publications _c2011 |
||
| 270 |
_aBI-1, Mohan Cooperative Industrial Area, Mathura Road _bNew Delhi _e110 044 |
||
| 300 |
_axxx,575p. : _c23cm (Hb) _bmap |
||
| 500 | _aIncludes bibliographical references and index | ||
| 505 | _av.1 -The politics of Northeren India :1937 to 1987 | ||
| 610 | _929852 | ||
| 650 | _929853 | ||
| 700 | _929821 | ||
| 942 |
_adpl _cEN _2ddc _h954.052092 _mBRA |
||
| 999 |
_c54198 _d54198 |
||